000 00813nam a2200241 i 4500
001 bg
100 1 _aSZYDŁO, Antoni
245 1 0 _aNawierzchnie drogowe z betonu cementowego :
_bteoria, wymiarowanie, realizacja /
_cAntoni Szydło.
260 _aKraków :
_b"Polski Cement",
_c2004.
300 _a287 s. :
_bil. ;
_c24 cm +
_eCD ROM.
504 _aBibliogr. - Indeks.
650 9 _aDrogi betonowe
650 9 _aBeton cementowy
_xstosowanie
655 _aPodręczniki akademickie
020 _a838947803X
040 _cBPK
041 0 _apol
080 _a625.7/.8(075.8):666.97/.98
920 _a83-89478-03-X
942 _cKS
008 s pl f |000 0 pol
999 _c44713
_d44713
856 _uhttp://koha.tu.koszalin.pl/cgi-bin/koha/opac-detail.pl?biblionumber=44713
_yKatalog online BPK